Statistics for 1980s Movie Taglines Quiz

Click here to take the quiz!

General Stats

  • This quiz has been taken 31,941 times
    (24,351 since last reset)
  • The average score is 10 of 17

Answer Stats

YearTaglineMovie% Correct
1984Who ya gonna call?Ghost Busters
95%
1987Part man. Part machine. All cop.RoboCop
92%
1987First dance. First love. The time of your life.Dirty Dancing
84%
1984Don't get him wet, keep him out of bright light, and never feed him after midnight.Gremlins
79%
1989Bernie may be dead, but he's still the life of the party!Weekend at Bernie's
74%
198840 stories. Twelve terrorists. One cop.Die Hard
72%
1988It's the story of a man, a woman, and a rabbit in a triangle of trouble.Who Framed
Roger Rabbit?
69%
1986I feel the need, the need for speed.Top Gun
65%
1987It came for the thrill of the hunt. It picked the wrong man to hunt.Predator
56%
1982A world inside a computer where man has never been. Never before now.TRON
55%
1980They'll never get caught. They're on a mission from God.The Blues Brothers
53%
1985If you can't get a date, make one!Weird Science
45%
1986There can be only one.Highlander
44%
1984In our time, no foreign army has ever occupied American soil. Until now.Red Dawn
41%
1983The only winning move is not to play.WarGames
40%
1987If these two can learn to stand each other... the bad guys don't stand a chance.Lethal Weapon
36%
1989Sea it.The Little Mermaid
12%

Score Distribution

Percentile by Number Answered

Percent of People with Each Score

Your Score History

You have not taken this quiz since the last reset